000 00548nam a2200193Ia 4500
005 20250923145122.0
008 008 250917s9999 xx 000 0 eng d
037 _aReference
040 _aDSWL
_beng
_cDSWL
041 _aeng
_2eng
084 _aYX.Z1-z1;6ri, N54
_qDSWL
245 0 _aParole and after care
_cby United Nations
260 _aNew York
_b Dept. of Social Affairs
_c1954
300 _av,92 p.
365 _aUSD
_b0.75
925 _g0.75
942 _cREF
_hYX.Z1-z1;6ri, N54
999 _c1447362
_d1447362